00451nam a2200181Ia 4500003000900000008004100009040001300050040001300063041000800076100002000084245008400104250001100188260003400199260000900233300001100242300001000253490000600263IT-RoPAU120407s9999 xx 000 0 und d aIT-RoPAU cIT-RoPAU aita aEnnio Innocenti aLa Santa Sede nella ecclesiologia del concilio Ecumenico Vaticano II. 2a ed. aRovigo aIstituto Padano Arti Grafiche c1977 a317 p. c21 cm v1